Responses for Show #3498 - Wednesday, November 17, 1999

1999-B Celebrity Jeopardy! game 3.
From the Theater at Madison Square Garden, New York City.

Contestants

[<< previous game]

Michael Boatman, from Spin City

Shawn Colvin, a Grammy-winning singer-songwriter from Carbondale, Illinois

Jon Stewart, from The Daily Show with Jon Stewart

[next game >>]

Jeopardy! Round responses

NOVEL "T"s
NEW YORK CITY TELEVISION
COUNTRIES BY COLLEGE
(Alex: We'll give you the colleges, you give us the country.)
(Alex: Our next category is devoted to the works of the popular artist Al...)
HIRSCHFELD
POWER DINING
ALL STARS
    $100 19
The Three Musketeers

Shawn
    $100 9
Friends

Michael
    $100 6
England

Michael
    $100 24
Carol Channing

Shawn
    $100 14
21

Jon
    $100 1
(Michael: Who is Cal Ripken?)

Mark McGwire

JonMichael
    $200 20
(Shawn: I don't know.)

Tarzan

ShawnMichael
    $200 10
[All in the Family]

Queens

Michael
    $200 7
France

Jon
    $200 25
Mae West

Michael
    $200 15
caviar

Michael
    $200 2
Roger Clemens

Michael
    $300 21
(Alex: We have a minute left in the round.)

Treasure Island

Michael
    $300 11
Taxi

Jon
    $300 8
Japan

Shawn
    $300 26
Danny Kaye

Jon
    $300 16
the East River

Shawn
    $300 3
(Michael: Who was Joe DiMaggio?)

Pee Wee Reese

JonMichael
    $900 22
To Kill a Mockingbird

Michael
    $400 12
(Jon: Michael, you're busted!)
(Alex: They won't let you back on the Spin City set!)

Michael J. Fox

Shawn
    $400 27
Lena Horne

Michael
    $400 17
Grand Central Station

Jon
    $400 4
Wade Boggs (or Tony Gwynn)

Jon
    $500 23
The Time Machine

Shawn
    $500 13
(Jon: Who is my father, [*]?)

Abe Vigoda

Jon
    $500 28
(Michael: Who is Topol?)
...
[The end-of-round signal sounds.]

Zero Mostel

JonMichael
    $500 18
(Jon: And it's not!)

Sardi's

Jon
    $500 5
(Alex: And you did well in that category!)
(Jon: Unfortunately, that's all I know about anything!)

Kirby Puckett

Jon

Scores at the first commercial break (after clue 13):

Jon Shawn Michael
$2,300 $700 $200

Scores at the end of the Jeopardy! Round:

Jon Shawn Michael
$4,100 $1,500 $1,900

Double Jeopardy! Round responses

R-RATED OPERAS
NYSE
(Alex: The New York Stock Exchange.)
HOLIDAYS & OBSERVANCES
PEOPLE
THE BIG APPLE
ALL "STAR"S
    $200 21
Delilah

Jon
    $200 16
Labor Day

Shawn
    $200 1
Calista (Flockhart)

Shawn
    $200 6
water

Michael
    $200 11
"Star Wars"

Michael
    $400 17
(Shawn: What is March?)

April

JonShawn
    $1,700 2
Windsor

Shawn
    $400 7
(Michael: What is Granny Apple?)
(Alex: No... Be more specific...)
(Michael: What is a Granny, very crunchy, delicious apple?)
(Alex: A [*] apple, yes.)
(Jon: [To Michael] And you work with Michael J. Fox...)
(Michael: Take it easy, pal!)

Granny Smith

ShawnMichael
    $400 12
(Michael: What is a prow?)

starboard

JonMichael
    $2,000 24
[The end-of-round signal sounds.]

Charles Henry Dow

Jon
    $600 18
(Alex: And we have a minute to go.)

Philippines

Michael
    $600 3
(Shawn: Who is Katie Couric?)
(Jon: Who is Deborah Norville?)
(Michael: Who is Ted Koppel?)

Jane Pauley

JonShawnMichael
Triple Stumper
    $600 8
a crabapple

Shawn
    $600 13
a starfish

Jon
    $800 23
1/8

Jon
    $800 19
March 15

Jon
    $800 4
Mike Myers

Michael
    $800 9
applejack

Jon
    $800 14
Star Search

Michael
    $1000 22
(Alex: RKY--Rocky Mountain--[*].)

Coors

Triple Stumper
    $1000 20
Thailand

Shawn
    $1000 5
Roger Ebert

Jon
    $1000 10
China

Michael
    $1000 15
(Shawn: What is a starwatcher?)

a stargazer

JonShawn

Scores at the end of the Double Jeopardy! Round:

Jon Shawn Michael
$11,500 $3,600 $4,100
(lock game)

[wagering suggestions for these scores]

Final Jeopardy! Round responses

MODERN MARRIAGE
ShawnWho is Ronald Reagan?
$3,600
MichaelWho is Ronald Reagan
$4,100
JonWho is R Reagan?
$11,500
Ronald Reagan

Final scores:

Jon Shawn Michael
$23,000 $7,200 $8,200
Winner: $23,000 for the American Red Cross 3rd place: $10,000 for NARAS 2nd place: $10,000 for the Carver Center & the Children's Aid Society

Game dynamics:

Coryat scores:

Jon Shawn Michael
$10,100 $2,300 $3,600
22 R
(including 1 DD),
1 W
12 R
(including 1 DD),
4 W
16 R
(including 1 DD),
6 W

Combined Coryat: $16,000

[game clues] [game scores] [suggest correction]

Game tape date: 1999-10-08
The J! Archive is created by fans, for fans. Scraping, republication, monetization, and malicious use prohibited; this site may use cookies and collect identifying information. See terms. The Jeopardy! game show and all elements thereof, including but not limited to copyright and trademark thereto, are the property of Jeopardy Productions, Inc. and are protected under law. This website is not affiliated with, sponsored by, or operated by Jeopardy Productions, Inc. Join the discussion at JBoard.tv.